000 00875nam a2200253Ia 4500
003 OSt
005 20221005113304.0
006 a|||||r|||| 00| 0
007 ta
008 221004b |||||||| |||| 00| 0 pan d
020 _a817380740X (hbk)
_c310
024 _a2433
037 _b702, 21/01/2013, Bright Book Service
_cTextual
040 _aCRL
_cCRL
_bpan
041 _2pan
_apan
082 _aQ8441wI69:g, 153P3
100 _aਹਰਬੰਸ ਸਿੰਘ
245 0 _aਗੁਰੂ ਨਾਨਕ ਦੇਵ ਦੀ ਕਾਵਿ ਕਲਾ
260 _aਪਟਿਆਲਾ
_bਪੰਜਾਬੀ ਯੂਨੀਵਰਸਿਟੀ ਭਾਰਤ
_c2003
300 _a346ਪੰ
_ccm.
650 _aਧਰਮ
942 _hQ8441wI69:g, 153P3
_cTEXL
_2cc
999 _c1027670
_d1027670